Parkland Pocket Guide to HIV Care (Record no. 857)

000 -LEADER
fixed length control field 00647nam a22002297a 4500
003 - CONTROL NUMBER IDENTIFIER
control field OSt
005 - DATE AND TIME OF LATEST TRANSACTION
control field 20210426094008.0
008 - FIXED-LENGTH DATA ELEMENTS--GENERAL INFORMATION
fixed length control field 201229s2004 ||||| |||| 00| 0 eng d
040 ## - CATALOGING SOURCE
Original cataloging agency eng
Language of cataloging eng
Transcribing agency DLC
041 ## - LANGUAGE CODE
Language code of text/sound track or separate title eng
080 ## - UNIVERSAL DECIMAL CLASSIFICATION NUMBER
Universal Decimal Classification number 61
Item number N-25
100 ## - MAIN ENTRY--PERSONAL NAME
9 (RLIN) 639
Personal name Nassar, N. Naiel
245 ## - TITLE STATEMENT
Title Parkland Pocket Guide to HIV Care
Statement of responsibility, etc. / by: AIDS Education and Training Center
250 ## - EDITION STATEMENT
Edition statement 3rd edition
260 ## - PUBLICATION, DISTRIBUTION, ETC.
Place of publication, distribution, etc. Dallas, Texas
Name of publisher, distributor, etc. AIDS Education and Training Center
Date of publication, distribution, etc. 2004
300 ## - PHYSICAL DESCRIPTION
Extent 248 p.
650 #0 - SUBJECT ADDED ENTRY--TOPICAL TERM
9 (RLIN) 69
Topical term or geographic name entry element Medicine
653 ## - INDEX TERM--UNCONTROLLED
Uncontrolled term მედიცინა
700 ## - ADDED ENTRY--PERSONAL NAME
9 (RLIN) 640
Personal name Keiser, Philip
700 ## - ADDED ENTRY--PERSONAL NAME
9 (RLIN) 641
Personal name Gregg, R. Clark
942 ## - ADDED ENTRY ELEMENTS (KOHA)
Source of classification or shelving scheme
Koha item type Books
Edition 3
Holdings
Withdrawn status Lost status Source of classification or shelving scheme Damaged status Not for loan Permanent location Current location Date acquired Inventory number Total Checkouts Full call number Barcode Date last seen Price effective from Koha item type
          Ken Walker International University Ken Walker International University 12/29/2020 2367   61 N-25 2367 12/29/2020 12/29/2020 Books

Powered by Koha